| 000 | 00878nam a2200241 a 4500 | ||
|---|---|---|---|
| 001 | 000025342 | ||
| 003 | DO-SdBNP | ||
| 005 | 20250501120733.0 | ||
| 007 | ta | ||
| 008 | 110215s1984 dr 000 0 spa d | ||
| 040 |
_aDO-SdBNP _bspa _cBNPHU |
||
| 082 | 4 |
_a972.93053 _bG158er _222 |
|
| 245 | 1 | 3 |
_aLa era de Trujillo : _bun estudio casuístico de dictadura hispanoamericana / _cJesús de Galíndez. |
| 260 |
_aSanto Domingo : _bLotería Nacional, _c1984. |
||
| 300 |
_a238 p. ; _c24 cm. |
||
| 590 | _aInventariado, 2023/BT | ||
| 600 | 1 | 4 |
_aTrujillo Molina, Rafael Leónidas, _d1891-1961. _983196 |
| 600 | 1 | 4 |
_aTrujillo Molina, Héctor Bienvenido, _d1908-2002. _983197 |
| 650 | 1 | 0 |
_aDemografía _945443 |
| 651 | 4 |
_aRepública Dominicana _xPolítica y gobierno _xHistoria _yEra de Trujillo, 1930-1961 _913076 |
|
| 910 | _aValidado. Control de calidad. MMOLINA | ||
| 942 |
_2ddc _cLBS1 |
||
| 999 |
_c24834 _d24834 |
||